[Event "Titled Tuesday intern op 03rd Aug"]
[Site "Chess.com INT"]
[Date "2021.08.03"]
[Round "10"]
[White "Majer, Damir"]
[Black "Daulyte Cornette, Deimante"]
[Result "1-0"]
[WhiteElo "2268"]
[BlackElo "2408"]
[PlyCount "77"]
[EventDate "2021.08.03"]
[EventType "swiss (blitz)"]
[EventRounds "11"]
[EventCountry "USA"]
[SourceTitle "CBM 203 Extra"]
[Source "ChessBase"]
[SourceDate "2021.09.30"]
[SourceVersion "1"]
[SourceVersionDate "2021.09.30"]
[SourceQuality "1"]

1. Nf3 Nf6 2. g3 g6 3. Bg2 Bg7 4. 0-0 0-0 5. d4 d6 6. b3 c5 7. Bb2 cxd4 8. Nxd4 d5 9. c4 e5 10. Nb5 a6 11. N5c3 d4 12. Nd5 Nc6 13. Nxf6+ Bxf6 14. Nd2 Bg7 15. c5 Be6 16. a3 f5 17. Qc2 e4 18. Nc4 Bxc4 19. Qxc4+ Kh8 20. Rad1 Qe7 21. b4 Rad8 22. f4 Rd7 23. a4 Rfd8 24. b5 axb5 25. axb5 Na5 26. Qa4 Qxc5 27. Qxa5 d3+ 28. Kh1 Bxb2 29. exd3 exd3 30. Bxb7 Bc3 31. Qa6 d2 32. Bf3 Ra7 33. Qc6 Qe3 34. b6 Re7 35. b7 Ree8 36. Kg2 Qa7 37. Qxc3+ Kg8 38. Rxd2 Rxd2+ 39. Qxd2 1-0

[Event "Titled Tuesday intern op 22nd June"]
[Site "Chess.com INT"]
[Date "2021.06.22"]
[Round "9"]
[White "Benitez Lozano, Javier"]
[Black "Majer, Damir"]
[Result "0-1"]
[WhiteElo "2375"]
[BlackElo "2268"]
[PlyCount "120"]
[EventDate "2021.06.22"]
[EventType "swiss (blitz)"]
[EventRounds "11"]
[EventCountry "USA"]
[SourceTitle "CBM 203 Extra"]
[Source "ChessBase"]
[SourceDate "2021.09.30"]
[SourceVersion "1"]
[SourceVersionDate "2021.09.30"]
[SourceQuality "1"]

1. d4 d5 2. c4 e6 3. Nf3 Nf6 4. Nc3 Be7 5. Bg5 Nbd7 6. e3 0-0 7. Qc2 h6 8. Bf4 a6 9. Rd1 dxc4 10. Bxc4 b5 11. Bd3 Bb7 12. Ne4 Nxe4 13. Bxe4 Bxe4 14. Qxe4 c5 15. dxc5 Nxc5 16. Rxd8 Nxe4 17. Rxa8 Rxa8 18. Ke2 Rc8 19. Nd4 Bf6 20. f3 e5 21. fxe4 exf4 22. Kd3 fxe3 23. Kxe3 Bxd4+ 24. Kxd4 Rc2 25. b4 Rxa2 26. g3 Rc2 27. Ra1 Rc4+ 28. Kd5 Rxb4 29. Rxa6 Rb2 30. Rb6 Rxh2 31. Kd4 Rb2 32. Rb8+ Kh7 33. Rb7 f6 34. Ke3 Kg6 35. Kf4 h5 36. Rb6 Rb4 37. Rb7 Kh6 38. Rb6 Rb3 39. Rb7 b4 40. Rb8 Kg6 41. Rb5 Rb1 42. Rb8 b3 43. Kf3 Kg5 44. Rb5+ Kg6 45. Kg2 Kf7 46. Kf3 Ke6 47. Kg2 g5 48. Kf2 h4 49. gxh4 gxh4 50. Kg2 Kd6 51. Kh2 Kc6 52. Rb4 Kc5 53. Rb8 Kc4 54. Kg2 Re1 55. Rc8+ Kd3 56. Rd8+ Kc2 57. Rc8+ Kb1 58. Rb8 b2 59. Rh8 Rxe4 60. Rxh4 Rxh4 0-1